Nombre d'oscars par pays du meilleur film en langue étrangère - Statistiques

Statistiques générales
  • Ce quiz a été pris 30 fois
  • Le résultat moyen est 8 sur 14
Statistiques - réponses
Nombre d'oscars Pays % Correct
9 France
100%
11 Italie
100%
3 Allemagne
93%
4 Espagne
93%
2 Japon
83%
2 Suisse
66%
3 Suède
62%
3 Pays-bas
55%
3 Danemark
52%
2 Autriche
45%
2 Argentine
31%
2 Hongrie
28%
3 Union soviétique
21%
2 Tchécoslovaquie
10%
Aucun quiz correspondant
Distribution des résultats
% des personnes avec chaque résultat
Percentile par nombre de réponses
Votre historique - résultats
Vous n’avez pas pris ce quiz